| 000 | 02995nam a2200469 a 4500 | ||
|---|---|---|---|
| 003 | CHAP | ||
| 005 | 20250612093549.0 | ||
| 007 | cr ||||||m|c|a | ||
| 008 | 101112s2010 mx r 00010 spa d | ||
| 035 | _a111436 | ||
| 040 | _cCHAP | ||
| 090 | _aTesis | ||
| 100 | 1 |
_aYáñez Zúñiga, Martín. _9123138 |
|
| 245 | 1 | 0 |
_aResistencia de alpistillo (Phalaris paradoxa L.) a herbicidas inhibidores de la ACCasa y ALS. _c/por Martín Yáñez Zúñiga; director de tesis J. Antonio Tafoya Razo. |
| 264 | 1 |
_aChapingo, Méx. : _bEl autor, _c2010. |
|
| 300 |
_a1 recurso en línea (64 páginas): _bcuadros, figuras. |
||
| 336 |
_2rdacontent _atexto _btxt |
||
| 337 |
_2rdamedia _acomputadora _bc |
||
| 338 |
_2rdacarrier _arecursos en línea _bcr |
||
| 502 |
_bIAEPA _cParasitología _d2010. _gLIC |
||
| 520 | _aEl presente trabajo se realizó con la finalidad de determinar la presencia de resistencia en un biotipo de Phalaris paradoxa L. colectado en Pénjamo, Guanajuato, a herbicidas inhibidores de las enzimas ACCasa y ALS: flucarbazone- sodio, mesosulfuron + iodosulfuron y pinoxaden; tomándose como testigo a otro biotipo procedente de Jaral del Progreso, Guanajuato. Se evaluaron 7 diferentes dosis (0, 1/8X, 1/4X, 1/2X y 1X en el testigo; 0, 1/2X, 1X, 2X y 4X en el presunto resistente), siendo X la dosis comercial. El diseño experimental utilizado fue completamente al azar con arreglo factorial, con 15 tratamientos y 5 repeticiones. La unidad experimental fue una maceta de plástico de 4 litros con diez plantas de tamaño uniforme. Como repuesta se evaluó el porcentaje de reducción de peso fresco a los 30 días después de la aplicación. Además, se estimó la taza de reducción media del crecimiento (RC50) e índice de resistencia (IR). Se encontraron diversos niveles de resistencia en todos los herbicidas evaluados; 13.2 por flucarbazone-sodio, 7.2 por pinoxaden y 5 por mesosulfuron + iodosulfuron. Se confirmó la presencia de resistencia cruzada a los herbicidas flucarbazone-Na, mesosulfuron + iodosulfuron y pinoxaden. | ||
| 590 |
_aALEPH _b10 _c20130110 |
||
| 590 |
_aBATCH-UPD _b10 _c20130110 |
||
| 590 |
_aBATCH-UPD _b10 _c20130410 |
||
| 590 |
_aBATCH-UPD _b10 _c20130914 |
||
| 590 |
_aBATCH-UPD _b10 _c20140324 |
||
| 590 |
_aBATCH-UPD _b10 _c20141002 |
||
| 590 |
_aCONVERSION _b10 _c20130109 |
||
| 650 | 1 | 4 |
_aControl biológico de malas hierbas. _927584 |
| 650 | 1 | 4 |
_aHerbicidas _xAplicación. _953692 |
| 650 | 1 | 4 |
_aHerbicidas _xEfecto en pastos. _953695 |
| 650 | 1 | 4 |
_aPastos _xGuanajuato. _986043 |
| 650 | 1 | 4 |
_aPhalaris minor. _987761 |
| 700 | 0 |
_aTafoya Razo, José Antonio _eDirector de tesis. _9111341 |
|
| 856 |
_uhttp://10.13.5.2/tesis/111436.pdf _zDESCARGAR PDF |
||
| 901 | _aBK | ||
| 942 |
_cTD _2Clasificación Universidad Autónoma Chapingo |
||
| 949 |
_aTesis _bBC _cTES _d33724002220421 _eTS1 _gDonaciØn _h51404 _i111436 _st |
||
| 949 |
_aTesis _bBC _cTES _d33724002220446 _eTS2 _fc.2 _gDonaciØn _h51405 _i111436 _st |
||
| 999 |
_c99778 _d99778 |
||